Ceny aktív v ekonomickej teórii

Pokračovanie z č. 8/2004. Rozlíšenie vybraných druhov bublín cien aktív. Normálne, resp. žiadne cenové bubliny verzus škodlivé cenové bubliny. Formovanie cien aktív (racionálne a špekulatívne očakávania). Zabezpečenie proti riziku tzv. efektu asymetrických informácií, morálneho hazardu a "adverse se...

Ausführliche Beschreibung

Gespeichert in:
Bibliographische Detailangaben
1. Verfasser: Gantnerová, Silvia
Format: Buchkapitel
Sprache:Slowakisch
Schlagworte:
Tags: Tag hinzufügen
Keine Tags, Fügen Sie das erste Tag hinzu!

MARC

LEADER 00000naa$a2200000$$$4500
001 0020436
005 20221207104722.7
041 0 |a slo 
044 |a SK 
245 1 0 |a Ceny aktív v ekonomickej teórii  |c aut. Silvia Gantnerová 
520 |a Pokračovanie z č. 8/2004. Rozlíšenie vybraných druhov bublín cien aktív. Normálne, resp. žiadne cenové bubliny verzus škodlivé cenové bubliny. Formovanie cien aktív (racionálne a špekulatívne očakávania). Zabezpečenie proti riziku tzv. efektu asymetrických informácií, morálneho hazardu a "adverse selection". Tzv. vysokonákladové a nízkonákladové ceny aktív. Menová politika centrálnej banky primárne orientovanej na cenovú stabilitu. 
610 2 0 |a aktíva 
610 2 0 |a teórie ekonomické 
610 2 0 |a ceny 
610 2 0 |a politika menová 
610 2 0 |a stabilita cien 
610 2 0 |a banky centrálne 
610 2 0 |a informácie asymetrické 
100 1 |a Gantnerová, Silvia